000 00729nam a22002297a 4500
001 19927
003 BD-RjUL
005 20211209000510.0
008 140226s1966 nyua|||| |||| 001 0 eng d
035 _a(BD-RjUL)19988
040 _aBD-RjUL
_beng
_cBD-RjUL
_dBD-RjUL
041 _aeng
082 0 4 _a338.9
_bMEE 1966
_223
100 1 0 _a Meier, Gerald M.
_961253
245 1 0 _aEconomic development : theory, history, policy
_btheory, history, policy /
_cby Gerald M Meier ; Robert E. Baldwin
260 _aNew York :
_bWiley,
_cc1957, [printing 1964, 1966]
300 _a588 p. :
_b ill. ;
_c 24 cm.
504 _aInclude index
650 0 _a Economic development.
_961254
700 1 _aBaldwin, Robert E.
_96182
942 _2ddc
_cBK
999 _c19927
_d19927